Online
Catalog

Fiesta al noroeste / (Record no. 5081)

MARC details
000 -CABECERA
campo de control de longitud fija 00829cam a2200265 a 4500
001 - NÚMERO DE CONTROL
campo de control 000005280
005 - FECHA Y HORA DE LA ÚLTIMA TRANSACCIÓN
campo de control 20200929151629.0
008 - DATOS DE LONGITUD FIJA--INFORMACIÓN GENERAL
campo de control de longitud fija 790827s1994 sp b 000 1 spa
020 ## - NÚMERO INTERNACIONAL ESTÁNDAR DEL LIBRO
Número Internacional Estándar del Libro 8437601509
040 ## - FUENTE DE LA CATALOGACIÓN
Centro catalogador/agencia de origen DO-SdBNP
Lengua de catalogación spa
Centro/agencia transcriptor BNPHU
082 ## - NÚMERO DE LA CLASIFICACIÓN DECIMAL DEWEY
Número de clasificación 863.64
Número de documento/Ítem M445f, 1994
100 1# - ENTRADA PRINCIPAL--NOMBRE DE PERSONA
Nombre de persona Matute, Ana María,
Fechas asociadas al nombre 1926-
9 (RLIN) 4724
245 10 - MENCIÓN DE TÍTULO
Título Fiesta al noroeste /
Mención de responsabilidad, etc. Ana María Matute ; edición de José Mas.
250 ## - MENCIÓN DE EDICIÓN
Mención de edición 6a ed.
260 ## - PUBLICACIÓN, DISTRIBUCIÓN, ETC.
Lugar de publicación, distribución, etc. Madrid :
Nombre del editor, distribuidor, etc. Cátedra,
Fecha de publicación, distribución, etc. 1994.
300 ## - DESCRIPCIÓN FÍSICA
Extensión 164 p. ;
Dimensiones 18 cm.
490 1# - MENCIÓN DE SERIE
Mención de serie Letras hispánicas
Designación de volumen o secuencia 81
650 #4 - PUNTO DE ACCESO ADICIONAL DE MATERIA--TÉRMINO DE MATERIA
Término de materia o nombre geográfico como elemento de entrada Novela española
9 (RLIN) 1123
650 #4 - PUNTO DE ACCESO ADICIONAL DE MATERIA--TÉRMINO DE MATERIA
Término de materia o nombre geográfico como elemento de entrada Literatura española
9 (RLIN) 632
600 14 - PUNTO DE ACCESO ADICIONAL DE MATERIA--NOMBRE DE PERSONA
Nombre de persona MATUTE, ANA MARÍA,
Fechas asociadas al nombre 1926-
Subdivisión general CRÍTICA E INTERPRETACIÓN
9 (RLIN) 15039
700 1# - PUNTO DE ACCESO ADICIONAL--NOMBRE DE PERSONA
Nombre de persona Mas, José,
Término indicativo de función/relación ed.
9 (RLIN) 15019
830 #0 - PUNTO DE ACCESO ADICIONAL DE SERIE-TÍTULO UNIFORME
Título uniforme Letras hispánicas ;
Designación de volumen o secuencia 81
9 (RLIN) 4208
910 ## - DATOS DE OPCIÓN DEL USUARIO (OCLC)
Datos de opción del usuario Catalogación derivada
910 ## - DATOS DE OPCIÓN DEL USUARIO (OCLC)
Datos de opción del usuario WM
Holdings
Estado de retiro Estado de pérdida Restricciones de uso No para préstamo Código de colección Localización permanente Ubicación/localización actual Ubicación en estantería Fecha de adquisición Número de inventario Total de préstamos Signatura topográfica completa Código de barras Fecha visto por última vez Precio válido a partir de Tipo de ítem Koha
    Préstamo interno   Monografías: Libros y Folletos General General Depósito 18.08.2009 LF1   863.64 M445f, 1994 5280-10 25.06.2020 25.06.2020 Préstamo interno

Powered by Koha